LEADER 01422nam a2200289 i 4500 001 000000195872 003 CaOOAMICUS 005 20110103000000.0 008 110103s1970 it u000 u fre u 013 $a174552 040 $aSeMil$bita 100 1 $aHaquin, André.$0(OLS)http://semarc/name/38074 245 10$aDom Lambert Beauduin et le renouveau liturgique /$cAndré Haquin professeur au grand séminaire de namur ; préface de dom O. Rousseau. 260 $aGembloux :$bJ. Duculot,$ccopyr. 1970. 300 $aXVIII, 254 p., [1] p. di ritratto ;$c25 cm. 490 0 $aRecherches et synthèses 490 0 $aRecherches et synthèses. Section d'histoire ;$v1. 500 $aContiene : Appendices ; Bibliographie. 600 14$aBeauduin, Lambert .$0(OLS)http://semarc/subject/48 650 4$aRinnovamento liturgico - Chiesa cattolica.$0(OLS)http://semarc/subject/23628 700 1 $aRousseau, Olivier .$0(OLS)http://semarc/name/90507 830 0$aRecherches et synthèses.$0(OLS)http://semarc/title/29626 830 0$aRecherches et synthèses. Section d'histoire ;$v1.$0(OLS)http://semarc/title/31177 850 $aSeMil 852 $aSeMil$W1$xVenegono$y1$m3K IV 230$j146441$B146441$CSeMilBibl$Z2$F157904 $81 996 $6245$aDom Lambert Beauduin et le renouveau liturgique$9(OLS)http://semarc/title/282742 996 $6260$aGembloux :$bJ. Duculot$9(OLS)http://semarc/publisher/29655 LEADER 00726naa a2200169 i 4500 001 000000307486 003 CaOOAMICUS 005 20180831172917.0 008 180831n it u000 u ita u 013 $a16245 040 $aSeMil$bita 100 1 $aMozzanica, Carlo Mario.$0(OLS)http://semarc/name/44641 245 13$aLa risposta delle istituzioni. 650 4$aSofferenza - Società.$0(OLS)http://semarc/subject/43646 650 4$aDolore - Società.$0(OLS)http://semarc/subject/43647 773 0 $aArcidiocesi di Milano : Servizio per la Pastorale della salute$tSofferenza e salvezza.$dMilano : Centro Ambrosiano, 2010.$z978-88-8025-734-9$gp.81-102$w()186116 996 $6245$aLa risposta delle istituzioni$9(OLS)http://semarc/title/382829